KARL MARX AND FREDERICK ENGLES SELECTED WORKS (Record no. 584485)
[ view plain ]
| 000 -LEADER | |
|---|---|
| fixed length control field | 00224nam a22000977a 4500 |
| 082 ## - DEWEY DECIMAL CLASSIFICATION NUMBER | |
| Classification number | 320 KAR'L |
| 245 ## - TITLE STATEMENT | |
| Title | KARL MARX AND FREDERICK ENGLES SELECTED WORKS |
| 260 ## - PUBLICATION, DISTRIBUTION, ETC. | |
| Place of publication, distribution, etc. | MOSCOW |
| Name of publisher, distributor, etc. | PROGRESS |
| Date of publication, distribution, etc. | 1968 |
| 300 ## - PHYSICAL DESCRIPTION | |
| Extent | 800P |
| 942 ## - ADDED ENTRY ELEMENTS (KOHA) | |
| Koha item type | Book |
| Withdrawn status | Lost status | Damaged status | Not for loan | Permanent Location | Current Location | Shelving location | Date acquired | Total Checkouts | Full call number | Barcode | Date last seen | Price effective from | Koha item type |
|---|---|---|---|---|---|---|---|---|---|---|---|---|---|
| College of Electrical & Mechanical Engineering (CEME) | College of Electrical & Mechanical Engineering (CEME) | General Stacks | 07/04/2017 | 320 KAR'L | CEME-6676 | 06/28/2021 | 06/28/2021 | Book |
